Random graphs '85 : based on lectures presented at the 2nd International Seminar on Random Graphs and Probabilistic Methods in Combinatorics, August 5-9, 1985, organized and sponsored by the Institute of Mathematics, Adam Mickiewicz University, Poznań, Poland /

Bibliographic Details
Corporate Author: International Seminar on Random Graphs and Probabilistic Methods in Combinatorics
Other Authors: Karoński, Michał, Palka, Zbigniew
Format: Conference Proceeding Book
Language:English
Published: Amsterdam ; New York : North-Holland, [1987]
Series:Annals of discrete mathematics ; 33.
North-Holland mathematics studies ; 144.
Subjects:

MARC

Tag First Indicator Second Indicator Subfields
LEADER 00000cam a2200000 a 4500
001 in00000017407
005 20151007053541.0
008 880205s1987 ne acf b 10000 eng d
020 |a 0444702652 
035 |a (OCoLC)17436554 
035 |9 AAB2041AM 
040 |a TXA  |c TXA  |d CRU  |d OCL  |d TXA  |d UtOrBLW 
049 |a TXAM  |c [A10985615] 
050 4 |a QA166.17  |b .R3 1987 
245 0 0 |a Random graphs '85 :  |b based on lectures presented at the 2nd International Seminar on Random Graphs and Probabilistic Methods in Combinatorics, August 5-9, 1985, organized and sponsored by the Institute of Mathematics, Adam Mickiewicz University, Poznań, Poland /  |c edited by Michal Karoński and Zbigniew Palka. 
264 1 |a Amsterdam ;  |a New York :  |b North-Holland,  |c [1987] 
264 4 |c ©1987 
300 |a vii, 354 pages, 1 unnumbered leaf of plates :  |b illustrations, portrait ;  |c 24 cm. 
336 |a text  |b txt  |2 rdacontent 
337 |a unmediated  |b n  |2 rdamedia 
338 |a volume  |b nc  |2 rdacarrier 
490 1 |a Annals of discrete mathematics ;  |v 33 
490 1 |a North-Holland mathematics studies ;  |v 144 
504 |a Includes bibliographies. 
650 0 |a Combinatorial analysis  |v Congresses. 
650 0 |a Random graphs  |x Congresses. 
700 1 |a Karoński, Michał. 
700 1 |a Palka, Zbigniew. 
740 0 |a Random graphs eighty-five. 
711 2 |a International Seminar on Random Graphs and Probabilistic Methods in Combinatorics  |n (2nd :  |d 1985 :  |c Poznań, Poland) 
830 0 |a Annals of discrete mathematics ;  |v 33. 
830 0 |a North-Holland mathematics studies ;  |v 144. 
999 |a MARS 
999 f f |s 723470c6-55dc-3b4f-8bca-9292751cc280  |i f3f30b47-6a45-371d-a096-eda211fbc44d  |t 0 
952 f f |p ric  |a Texas A&M University  |b Rellis Campus  |c Joint Library Facility  |d Remote Storage  |t 0  |e QA166.17 .R3 1987  |h Library of Congress classification  |i unmediated -- volume  |m A14810985615 
998 f f |a QA166.17 .R3 1987  |t 0  |l Remote Storage